000 00350nam a22001457a 4500
999 _c259194
_d259193
003 OSt
005 20210526113934.0
008 210526b ||||| |||| 00| 0 eng d
020 _a9780425219096
040 _cN/A
100 _aKate Jacobs
245 _aThe Friday Night Knitting Club
260 _aNew York
_bBerkley Books
_c2007
942 _2lcc
_cBK